000 00910nam a2200241 a 4500
001 43108
003 BD-RjUL
005 20211209053640.0
008 160619r19671963ncua 001 0 eng
035 _a(BD-RjUL)43226
040 _aDLC
_cODaWU
_dOCoLC
_dBD-RjUL
_beng
041 _aeng
082 _a338.954
_223
_bADM 1967
100 1 _aBraibanti, Ralph
_9132375
245 1 0 _aAdministration and economic development in India /
_cEdited by Ralph Braibanti and Joseph J. Spengler.
260 _aDurham, N.C. :
_bPublished for the Duke University Commonwealth-Studies Center by Duke University Press,
_cc1963.
300 _avi, 312 p. :
_bill. ;
_c24 cm.
490 1 _aDuke University Commonwealth-Studies Center publications,
_v18
500 _aIncludes index.
651 0 _aIndia
_xEconomic policy.
_9132376
700 1 _aSpengler, Joseph J.
_q(Joseph John),
_d1902-1991,
_ejoint ed.
_9132377
942 _2ddc
_cBK
999 _c43108
_d43108